| 000 | 01591nam a2200493Ia 4500 | ||
|---|---|---|---|
| 003 | GCL | ||
| 008 | 140319s9999 xx 000 0 ara d | ||
| 040 |
_aGCL / _cGCL |
||
| 082 | 0 | 4 |
_a180 _bح ف |
| 100 | 1 | _aحورية توفيق مجاهد | |
| 245 | 1 | 0 |
_aالفكر السياسى من افلاطون الى محمد عبده / _cحورية توفيق مجاهد |
| 260 |
_a[S.N] : _bمكتبة الانجلوالمصرية ، _c1992 |
||
| 300 | _a575 ص | ||
| 490 | _a | ||
| 650 | 0 | 4 | _aالفلسفة الاسلامية |
| 650 | 0 | 4 | _aالفلسفة |
| 650 | 0 | 4 | _aالسياسة |
| 650 | 0 | 4 | _aابن خلدون |
| 650 | 0 | 4 | _aالفلسفة اليونانية |
| 650 | 0 | 4 | _aهيجل |
| 650 | 0 | 4 | _aجان جاك روسو |
| 650 | 0 | 4 | _aالغزالى |
| 650 | 0 | 4 | _aارسطو |
| 650 | 0 | 4 | _aالفارابى |
| 650 | 0 | 4 | _aافلاطون |
| 650 | 0 | 4 | _aميكافيللى |
| 650 | 0 | 4 | _aمحمد عبده (الامام) |
| 650 | 0 | 4 | _aالاسلام والسياسة |
| 650 | 0 | 4 | _aابن تيمية، تقى الدين ابوالعباس |
| 650 | 0 | 4 | _aالمصلحون المصريون |
| 650 | 0 | 4 | _aالماوردى |
| 650 | 0 | 4 | _aلينين |
| 650 | 0 | 4 | _aالقديس اوجستين |
| 650 | 0 | 4 | _aالقديس توما الاكوينى |
| 650 | 0 | 4 | _aمارسيليو البادوى |
| 650 | 0 | 4 | _aجان بودان |
| 650 | 0 | 4 | _aتوماس هوبز |
| 650 | 0 | 4 | _aجون لوك |
| 650 | 0 | 4 | _aمونتسكيو |
| 650 | 0 | 4 | _aادموند بيرك |
| 650 | 0 | 4 | _aجون ستيوارت ميل |
| 650 | 0 | 4 | _aماركس، كارل |
| 942 |
_2ddc _cBK |
||
| 999 |
_c32435 _d32435 |
||